000 00579nam a2200181 4500
001 117434
003 ES-MaACL
005 20230906190913.0
007 t|
008 070214s1982 sp r ||||1| spa d
100 1 _aPequignot, Henri.
_990337
245 1 0 _aPatología médica /
_cbajo la dirección de H. Pequignot, versión de José Mª. de Prado Marcilla.
250 _a1ª. ed.
260 _aBarcelona :
_bToray-Masson,
_c1982.
300 _aXXXIV, 1731 p. :
_bil. ;
_c26 cm.
700 0 _aPrado Marcilla, José María de.
_993622
852 _aES-MaACL
_jL-3062
_bR.104002
999 _c117434
_d117434